Loreto College Library, Kolkata
WEBOPAC (ONLINE PUBLIC ACCESS CATALOGUE)

Theory and practice of communism (Record no. 34819)

MARC details
000 -LEADER
fixed length control field 00577nam a2200193Ia 4500
008 - FIXED-LENGTH DATA ELEMENTS--GENERAL INFORMATION
fixed length control field 131103s9999 xx 000 0 und d
040 ## - CATALOGING SOURCE
Original cataloging agency Loreto College
041 ## - LANGUAGE CODE
Language code English
082 ## - DDC | ডিউই
Classification number | বর্গসংখ্যা 320.5/HUN
Book Number | গ্রন্থাঙ্ক LCBKB/186
100 ## - MAIN ENTRY--PERSONAL NAME | মুখ্য সংলেখ - ব্যাক্তিনাম
Personal name | ব্যাক্তিনাম Hunt, R. N. Carew
245 ## - TITLE STATEMENT | অাখ্যা বিবরণী
Title | অাখ্যা Theory and practice of communism
Sub title | উপঅাখ্যা an introduction
Statement of responsibility | লেখকের দায়িত্বের বিবরণ R. N. Carew Hunt
260 ## - IMPRINT | প্রকাশনা ক্ষেত্র
Place of publication | প্রকাশ স্থান Harmondsworth
Name of publisher | প্রকাশকের নাম Penguin Books
Date of publication | প্রকাশ কাল 1970
300 ## - PHYSICAL DESCRIPTION |
Page / Vol. No | পৃষ্ঠা / খন্ড সংখ্যা 315 p.
504 ## - BIBLIOGRAPHY, ETC. NOTE
Bibliography, etc Includes bibliographical references and index
650 ## - SUBJECT ADDED ENTRY--TOPICAL TERM | বিষয় শিরোনাম - মূল বিষয়
Topical term | মূল বিষয় Political Science
651 ## - SUBJECT ADDED ENTRY--GEOGRAPHIC NAME | বিষয় শিরোনাম - ভৌগলিক নাম
Geographic name | ভৌগলিক বিষয় Communism
850 ## - HOLDING INSTITUTION
Holding institution LCBKB/320.5/HUN
942 ## - ADDED ENTRY ELEMENTS (KOHA)
Koha item type Books
Holdings
Withdrawn status Lost status Damaged status Not for loan Home library Current library Date acquired Total Checkouts Full call number Accession No. Date last seen Price effective from Koha item type
        Loreto College Loreto College 04/11/2013   320.5/HUN LCBKB/186 B37680 04/11/2013 04/11/2013 Books